LIBRARY & INFORMATION CENTRE, KCAET, TAVANUR

ONLINE PUBLIC ACCESS CATALOGUE (OPAC)

Functionals of Complex Variable (Record no. 19001)

MARC details
000 -LEADER
fixed length control field 00383nam a22001577a 4500
003 - CONTROL NUMBER IDENTIFIER
control field OSt
008 - FIXED-LENGTH DATA ELEMENTS--GENERAL INFORMATION
fixed length control field 250109b |||||||| |||| 00| 0 eng d
041 ## - LANGUAGE CODE
Language code of text/sound track or separate title eng
082 ## - DEWEY DECIMAL CLASSIFICATION NUMBER
Classification number 515.9
Item number GOY/FU
100 ## - MAIN ENTRY--AUTHOR NAME
Personal name Goyal TK
245 ## - TITLE STATEMENT
Title Functionals of Complex Variable
250 ## - EDITION STATEMENT
Edition statement Enlarged ed.
260 ## - PUBLICATION, DISTRIBUTION, ETC. (IMPRINT)
Place of publication Meerut,
Name of publisher Pragati Prakashan,
Year of publication 1984.
700 ## - ADDED ENTRY--PERSONAL NAME
Personal name Gupta KP
942 ## - ADDED ENTRY ELEMENTS (KOHA)
Koha item type Books
Holdings
Withdrawn status Lost status Damaged status Home library Current library Date acquired Cost, normal purchase price Full call number Accession Number Koha item type
      KAUAET KAUAET 09/01/2025 28.90 515.9 GOY/FU 14728 Books
free website counter